000 00275nam a2200109Ia 4500
008 191206s9999 xx 000 0 und d
020 _a9966080376
090 _aRA646.A25A312
245 0 _aAIDS AND THE CHURCH IN AFRICA
260 _aAids and the arican chuch
260 _cc2008
999 _c15432
_d15432